000
00259nam a2200097Ia 4500
001
690334
005
20250826161814.0
008
250824s9999 xx 000 0 und d
245
0
_a
OSMANLININ GAYRİMÜSLİM ASKERLERİ
_c
UFUK GÜLSOY
260
_b
TİMAŞ YAYINLARI
999
_c
690334
_d
690334